Statistics for Last Twenty National Capitals Alphabetically

Click here to take the quiz!

General Stats

  • This quiz has been taken 101 times
  • The average score is 13 of 20

Answer Stats

Answer% Correct
Zagreb
92%
Washington D.C
86%
Yerevan
78%
Warsaw
76%
Wellington
76%
Ulaanbaatar
73%
Vaduz
73%
Vienna
73%
Windhoek
68%
Vatican City
65%
Vilnius
65%
Yaounde
65%
Vientiane
62%
Yaren
60%
Valletta
59%
Yamoussoukro
54%
Tokyo
52%
Tunis
52%
Victoria
44%
Tripoli
43%

Score Distribution

Percentile by Number Answered

Percent of People with Each Score

Your Score History

You have not taken this quiz